| 000 | 00455nam a2200193Ia 4500 | ||
|---|---|---|---|
| 003 | 0100 | ||
| 008 | 130227s9999 xx 000 0 und d | ||
| 040 | _cARRUPELIB | ||
| 050 | _aQB36.G2C48 2005 | ||
| 100 | _aMcMullin, Ernan | ||
| 245 | 4 | _aThe churhc and the Galileo | |
| 260 | _aIndiana | ||
| 260 | _bUniversity of Notre Dame Press | ||
| 260 | _C2005 | ||
| 300 | _axii | ||
| 300 | _b 391p. 24cm. | ||
| 650 | _bHymns - Anglican | ||
| 942 |
_2lcc _02 |
||
| 999 |
_c1130 _d1130 |
||